000 00886nas a2200289 4500
001 BR0810198
003 BR-BrBNA
005 20231205112922.0
007 ta
008 230509b bl.|||p| |||| 00| 00por d
040 _aBR-BrBNA
_bpor
_cBiblioteca Nacional de Agricultura
041 _a(Pt)
072 _aE16; E14
100 1 _aSilva, D.M.F. da
100 1 _aKhan, A.S.
100 1 _aLima, P.V.P.S.
245 1 _aProdução de milho híbrido no Estado do Ceará: aspectos tecnológicos , competitivos, geração de emprego e renda
650 _aMILHO
650 _aHIBRIDO
650 _aTECNOLOGIA
650 _aRENDA
650 _aEMPREGO
650 _aRENTABILIDADE
773 0 _tRevista de Economia e Sociologia Rural (Brazil)
_xISSN 0103-2003
_g(Jan- Mar 2006), v. 44(1) p. 119-146
_wBR0810198
909 _a202311
_bLúcia
_c55
_dLúcia Elande
942 _2AGRIS
_n0
_cANA
999 _c200794
_d200794